000 00338nam a2200157Ia 4500
005 20250425161550.0
008 250425s9999 xx 000 0 und d
041 _aeng
082 _aIBM4381
245 0 _aROCKS AND MINERALS
250 _aS.E.
260 _aS.L.
260 _aSin Pais
_bGOPR
_c1957
942 _c01
010 _a23161
999 _c211736
_d211736